| 000 | 00710nam a22002297a 4500 | ||
|---|---|---|---|
| 003 | UA-OsUOA | ||
| 001 | 134980 | ||
| 007 | ta | ||
| 008 | 20181219b un ||||| |||| 00| 0 ukr d | ||
| 100 | _aЗалеський І. І. | ||
| 700 | _aКлименко М. О. | ||
| 090 | _bЗ-23 | ||
| 942 | _cEB | ||
| 040 |
_aUA-OsUOA _bukr _cUA-OsUOA _dUA-OsUOA |
||
| 245 | _aЕкологія людини | ||
| 300 | _a385 с. | ||
| 955 | _a2 | ||
| 041 | _aukr | ||
| 856 | 4 | 0 | _uhttp://ep3.nuwm.edu.ua/2729/1/%D0%97%D0%B0%D0%BB%D0%B5%D1%81%D1%8C%D0%BA%D0%B8%D0%B9%20%D0%86.%D0%86.%20%D0%95%D0%BA%D0%BE%D0%BB%D0%BE%D0%B3%D1%96%D1%8F%20%D0%BB%D1%8E%D0%B4%D0%B8%D0%BD%D0%B8.pdf |
| 260 |
_aРівне _c2013 |
||
| 650 | 7 | _2UDC | |
| 999 |
_c422336 _d422336 |
||